000 01304nam a2200337 i 4500
003 EG-GICUC
005 20260317040200.0
008 260317s1999 ua ||||fr|||| 00| 0 ara d
017 _a1999/17333
020 _a977-04-2814-0
040 _a EG-GICUC
_bara
_c EG-GICUC
_d EG-GICUC
_erda
041 0 _aara
082 0 4 _221
_a345.82226
_bح م . د
092 0 4 _221
099 _aLaw1 07 345.82226 ح م . د 2003
100 0 _aحمدى علي عمر
_eمؤلف.
245 1 0 _aدور القاضى الادارى والدستورى :
_bفي مجال حماية الأجانب /
_cحمدى علي عمر.
264 1 _aالقاهرة :
_bدار النهضة العربية،
_c2003.
300 _a141 ؛ صفحة
_c24 سم.
336 _2rda content
_atext
337 _2rda media
_aComputer
338 _2rda carrier
_aOnline Resource
504 _a141-143 ببليوجرافيا: صفحات.
504 _aيشتمل على إرجاعات ببليوجرافية.
546 _aالنص أغلبه باللغة العربية مع بعض النصوص الإنجليزية
650 1 4 _aالاختصاص بالدعاوي الجنسية
650 1 4 _aالقانون الإداري
856 4 0 _uhttps://fll.law.cu.edu.eg/fulltext/bks/B07-03743.pdf
905 _a77
942 _2ddc
_cBK
_e21
_n0
999 _c66390
_d66390